Online
Catalog

Lola Rodríguez de Tió : (Record no. 7061)

MARC details
000 -CABECERA
campo de control de longitud fija 01245cam a2200301 a 4500
001 - NÚMERO DE CONTROL
campo de control 000007280
005 - FECHA Y HORA DE LA ÚLTIMA TRANSACCIÓN
campo de control 20200929154123.0
008 - DATOS DE LONGITUD FIJA--INFORMACIÓN GENERAL
campo de control de longitud fija 060516s2002 pr a b 001 pbspa c
020 ## - NÚMERO INTERNACIONAL ESTÁNDAR DEL LIBRO
Número Internacional Estándar del Libro 1881703509
040 ## - FUENTE DE LA CATALOGACIÓN
Centro catalogador/agencia de origen DO-SdBNP
Centro/agencia transcriptor UBY
Centro/agencia modificador DLC
082 ## - NÚMERO DE LA CLASIFICACIÓN DECIMAL DEWEY
Número de clasificación RP861.5
Número de documento/Ítem R696T
100 1# - ENTRADA PRINCIPAL--NOMBRE DE PERSONA
Nombre de persona Toledo, Josefina,
Fechas asociadas al nombre 1941-
9 (RLIN) 20200
245 10 - MENCIÓN DE TÍTULO
Título Lola Rodríguez de Tió :
Resto del título contribución para un estudio integral /
Mención de responsabilidad, etc. Josefina Toledo.
260 ## - PUBLICACIÓN, DISTRIBUCIÓN, ETC.
Lugar de publicación, distribución, etc. San Juan, Purto Rico :
Nombre del editor, distribuidor, etc. Ateneo Puertorriqueño :
-- LEA,
Fecha de publicación, distribución, etc. 2002.
300 ## - DESCRIPCIÓN FÍSICA
Extensión 179 p. :
Otras características físicas il. ;
Dimensiones 22 cm.
490 1# - MENCIÓN DE SERIE
Mención de serie Cuadernos del Ateneo.
490 1# - MENCIÓN DE SERIE
Mención de serie Historia
Designación de volumen o secuencia no. 4
500 ## - NOTA GENERAL
Nota general Selección de cartas y poemas incluidos en Anejos.
504 ## - NOTA DE BIBLIOGRAFÍA, ETC.
Nota de bibliografía, etc. Incluye referencias bibliográficas.
504 ## - NOTA DE BIBLIOGRAFÍA, ETC.
Nota de bibliografía, etc. "Poemas y fotografias en Publicaciones Periódicas ": p. 168-169.
600 10 - PUNTO DE ACCESO ADICIONAL DE MATERIA--NOMBRE DE PERSONA
Nombre de persona Rodriguez de Tio, Lola,
Fechas asociadas al nombre 1843-1924.
9 (RLIN) 20201
600 10 - PUNTO DE ACCESO ADICIONAL DE MATERIA--NOMBRE DE PERSONA
Nombre de persona RODRÍGUEZ DE TÍO, LOLA,
Fechas asociadas al nombre 1843-1924
Subdivisión de forma CORRESPONDENCIA
9 (RLIN) 20202
600 10 - PUNTO DE ACCESO ADICIONAL DE MATERIA--NOMBRE DE PERSONA
Nombre de persona RODRÍGUEZ DE TÍO, LOLA,
Fechas asociadas al nombre 1843-1924
Subdivisión general CRÍTICA E INTERPRETACIÓN
9 (RLIN) 20203
650 #4 - PUNTO DE ACCESO ADICIONAL DE MATERIA--TÉRMINO DE MATERIA
Término de materia o nombre geográfico como elemento de entrada Autores puertorriqueños
Subdivisión de forma BIOGRAFÍAS
9 (RLIN) 20204
650 #4 - PUNTO DE ACCESO ADICIONAL DE MATERIA--TÉRMINO DE MATERIA
Término de materia o nombre geográfico como elemento de entrada Autoras puertorriqueñas
Subdivisión de forma BIOGRAFÍAS
9 (RLIN) 20205
830 #0 - PUNTO DE ACCESO ADICIONAL DE SERIE-TÍTULO UNIFORME
Título uniforme Cuadernos del Ateneo,
Nombre de parte o sección de la obra Historia ;
Designación de volumen o secuencia no. 4
9 (RLIN) 20206
910 ## - DATOS DE OPCIÓN DEL USUARIO (OCLC)
Datos de opción del usuario Catalogación por copia / LC
Holdings
Estado de retiro Estado de pérdida Restricciones de uso No para préstamo Código de colección Localización permanente Ubicación/localización actual Ubicación en estantería Fecha de adquisición Número de inventario Total de préstamos Signatura topográfica completa Código de barras Fecha visto por última vez Precio válido a partir de Tipo de ítem Koha
    Préstamo interno   Monografías: Libros y Folletos General General En catalogación 07.09.2009 LF1   RP861.5 R696T 7280-10 25.06.2020 25.06.2020 Préstamo interno

Powered by Koha